[Event "Lleida Regional-ch"]
[Site "Lleida"]
[Date "2019.10.27"]
[Round "3"]
[White "Arnillas Moles, Josep"]
[Black "Gensana Berzunces, Joan"]
[Result "1-0"]
[WhiteElo "1807"]
[BlackElo "1912"]
[PlyCount "71"]
[EventDate "2019.10.13"]
[EventType "swiss"]
[EventRounds "9"]
[EventCountry "ESP"]
[SourceTitle "CBM 193 Extra"]
[Source "ChessBase"]
[SourceDate "2020.01.31"]
[SourceVersion "1"]
[SourceVersionDate "2020.01.31"]
[SourceQuality "1"]

1. e4 e5 2. Nc3 Nf6 3. f4 d6 4. Nf3 Bg4 5. h3 Bxf3 6. Qxf3 c6 7. Bc4 b5 8. Bb3 Be7 9. d3 Nbd7 10. Be3 exf4 11. Qxf4 Ne5 12. 0-0 0-0 13. a4 a6 14. g4 Ng6 15. Qf2 Ne5 16. Ne2 d5 17. g5 Nh5 18. Qf5 Bd6 19. axb5 g6 20. Qf2 Qd7 21. Qh4 dxe4 22. dxe4 axb5 23. Rxa8 Rxa8 24. Kg2 Qe7 25. Nd4 Rb8 26. Nf5 gxf5 27. Qxh5 Nc4 28. Bxc4 bxc4 29. Rxf5 Rxb2 30. Kf3 Rb5 31. Qg4 Bc5 32. Rxc5 Rxc5 33. Qc8+ Kg7 34. Bd4+ Kg6 35. Qg8+ Kh5 36. Bf6 1-0

[Event "Lleida Regional-ch"]
[Site "Lleida"]
[Date "2019.10.13"]
[Round "1"]
[White "Arnillas Moles, Josep"]
[Black "Codina Garcia, Jose"]
[Result "0-1"]
[WhiteElo "1807"]
[BlackElo "1997"]
[PlyCount "94"]
[EventDate "2019.10.13"]
[EventType "swiss"]
[EventRounds "9"]
[EventCountry "ESP"]
[SourceTitle "CBM 193 Extra"]
[Source "ChessBase"]
[SourceDate "2020.01.31"]
[SourceVersion "1"]
[SourceVersionDate "2020.01.31"]
[SourceQuality "1"]

1. e4 e6 2. d3 d5 3. Nd2 c5 4. Ngf3 Nc6 5. g3 Nf6 6. Bg2 d4 7. 0-0 e5 8. Nc4 Bd6 9. a4 0-0 10. Nh4 Re8 11. f4 exf4 12. Nxd6 Qxd6 13. Bxf4 Ne5 14. h3 Be6 15. Nf3 Nfd7 16. Ng5 f6 17. Nxe6 Qxe6 18. Kh2 Re7 19. h4 Ng4+ 20. Kg1 Nge5 21. b3 Ree8 22. Qe2 b6 23. Bd2 a6 24. Qh5 b5 25. a5 c4 26. dxc4 bxc4 27. Qf5 Qc6 28. Rfd1 Rab8 29. bxc4 Qxc4 30. Rdc1 Rb2 31. Bf1 Qc6 32. Qf2 Rxc2 33. Bg2 d3 34. Rxc2 dxc2 35. Rc1 Rb8 36. Qd4 Rb1 37. Kf2 Rxc1 38. Bxc1 Nc5 39. Ke1 Nb3 40. Qd5+ Qxd5 41. exd5 Nxc1 42. Kd2 Ncd3 43. Kxc2 Ne1+ 44. Kd2 Nxg2 45. Ke2 Nc4 46. Kf2 Nge3 47. d6 Kf7 0-1

[Event "Lleida Regional-ch"]
[Site "Lleida"]
[Date "2015.11.15"]
[Round "7"]
[White "Cots Valls, Jordi"]
[Black "Arnillas Moles, Josep"]
[Result "1/2-1/2"]
[WhiteElo "1834"]
[BlackElo "2059"]
[PlyCount "116"]
[EventDate "2015.09.27"]
[EventType "swiss"]
[EventRounds "9"]
[EventCountry "ESP"]
[SourceTitle "EXT 2017"]
[Source "ChessBase"]
[SourceDate "2016.10.25"]
[SourceVersion "1"]
[SourceVersionDate "2016.10.25"]
[SourceQuality "1"]

1. e4 e6 2. f4 d5 3. e5 c5 4. Nf3 f6 5. Bb5+ Bd7 6. Bxd7+ Nxd7 7. c3 Nh6 8. d4 cxd4 9. cxd4 Bb4+ 10. Nc3 fxe5 11. fxe5 0-0 12. Bxh6 gxh6 13. 0-0 Rc8 14. Qd3 Qb6 15. a3 Rxf3 16. Rxf3 Nxe5 17. Rg3+ Kh8 18. Qe3 Nc4 19. Qf4 e5 20. Qg4 Qxd4+ 21. Qxd4 exd4 22. Nxd5 Bd6 23. Rh3 Nxb2 24. Rxh6 Be5 25. Re6 Bg7 26. Rae1 h6 27. Re8+ Rxe8 28. Rxe8+ Kh7 29. Re7 d3 30. Nf6+ Kg6 31. Ne4 b5 32. Kf1 Bd4 33. Rd7 Be3 34. g4 a5 35. h4 h5 36. Rd6+ Kg7 37. g5 b4 38. axb4 axb4 39. Ke1 Bf4 40. Rd4 Be3 41. Rxb4 d2+ 42. Nxd2 Nd3+ 43. Ke2 Nxb4 44. Kxe3 Nc2+ 45. Kf4 Kg6 46. Nf3 Nb4 47. Ne5+ Kg7 48. Kf5 Nd5 49. Nd3 Ne3+ 50. Kf4 Ng2+ 51. Kg3 Ne3 52. Nf4 Nf1+ 53. Kf2 Nd2 54. Nxh5+ Kg6 55. Nf4+ Kf5 56. g6 Kxf4 57. g7 Ne4+ 58. Ke2 Nf6 1/2-1/2

[Event "Lleida Regional-ch"]
[Site "Lleida"]
[Date "2015.10.25"]
[Round "4"]
[White "Solani Nunez, Joel"]
[Black "Arnillas Moles, Josep"]
[Result "1-0"]
[WhiteElo "1988"]
[BlackElo "2059"]
[PlyCount "59"]
[EventDate "2015.09.27"]
[EventType "swiss"]
[EventRounds "9"]
[EventCountry "ESP"]
[SourceTitle "EXT 2017"]
[Source "ChessBase"]
[SourceDate "2016.10.25"]
[SourceVersion "1"]
[SourceVersionDate "2016.10.25"]
[SourceQuality "1"]

1. e4 e5 2. Bc4 f5 3. Nc3 Nf6 4. d3 Bb4 5. Bd2 c6 6. a3 Ba5 7. Qe2 Qe7 8. b4 Bb6 9. Bb3 Ng4 10. Nh3 Bd4 11. exf5 Qh4 12. 0-0-0 a5 13. b5 Qe7 14. Nb1 a4 15. Ba2 Nf6 16. Ng5 Qc5 17. Ne4 Nxe4 18. dxe4 Qxb5 19. Qxb5 cxb5 20. f4 Nc6 21. fxe5 Bxe5 22. Bc3 Bf4+ 23. Kb2 Kf8 24. Rd5 b4 25. axb4 Ke7 26. Bxg7 Re8 27. f6+ Ke6 28. Rd4+ d5 29. Rxd5 Be5+ 30. Rd4# 1-0

[Event "Lleida Regional-ch"]
[Site "Lleida"]
[Date "2015.09.27"]
[Round "1"]
[White "Martinez Lopez, Ivan"]
[Black "Arnillas Moles, Josep"]
[Result "1-0"]
[WhiteElo "2292"]
[BlackElo "2059"]
[PlyCount "31"]
[EventDate "2015.09.27"]
[EventType "swiss"]
[EventRounds "9"]
[EventCountry "ESP"]
[SourceTitle "EXT 2017"]
[Source "ChessBase"]
[SourceDate "2016.10.25"]
[SourceVersion "1"]
[SourceVersionDate "2016.10.25"]
[SourceQuality "1"]

1. Nf3 Nf6 2. g3 g6 3. Bg2 Bg7 4. 0-0 0-0 5. c4 d6 6. Nc3 e5 7. d3 Nc6 8. e4 Bg4 9. h3 Be6 10. Kh2 Nh5 11. Nd5 f5 12. exf5 gxf5 13. Ng5 Nf4 14. Nxf4 Bd7 15. Bd5+ Kh8 16. Qh5 1-0

[Event "Lleida Province-ch"]
[Site "Tornabous"]
[Date "2014.11.16"]
[Round "7"]
[White "Arnillas Moles, Josep"]
[Black "Arno Bendicho, Arnau"]
[Result "1-0"]
[WhiteElo "2041"]
[BlackElo "2123"]
[PlyCount "59"]
[EventDate "2014.10.05"]
[EventType "swiss"]
[EventRounds "9"]
[EventCountry "ESP"]
[SourceTitle "CBM 163 Extra"]
[Source "ChessBase"]
[SourceDate "2014.12.23"]
[SourceVersion "1"]
[SourceVersionDate "2014.12.23"]
[SourceQuality "1"]

1. e4 c5 2. Nc3 d6 3. Bc4 e6 4. f4 g6 5. Nf3 Bg7 6. 0-0 Nc6 7. d3 Nge7 8. Qe1 0-0 9. f5 exf5 10. Bg5 Qe8 11. Nb5 Qd7 12. Kh1 d5 13. exd5 Nxd5 14. Bxd5 Qxd5 15. Nc7 Qd6 16. Nxa8 Bd7 17. Qh4 Rxa8 18. c3 Re8 19. Bf4 Qd5 20. c4 Qe6 21. Ng5 Qf6 22. Qxh7+ Kf8 23. Qh3 Qd4 24. Qg3 b6 25. h4 Ne5 26. Rae1 Ng4 27. Rxe8+ Bxe8 28. h5 Bc6 29. hxg6 fxg6 30. Ne6+ 1-0

[Event "Lleida Province-ch"]
[Site "Balaguer"]
[Date "2013.12.01"]
[Round "9"]
[White "Blanch Plana, Josep Ramon"]
[Black "Arnillas Moles, Josep"]
[Result "1-0"]
[WhiteElo "1729"]
[BlackElo "1797"]
[PlyCount "73"]
[EventDate "2013.10.06"]
[EventType "swiss"]
[EventRounds "9"]
[EventCountry "ESP"]
[SourceTitle "CBM 157 Extra"]
[Source "ChessBase"]
[SourceDate "2013.12.19"]
[SourceVersion "1"]
[SourceVersionDate "2013.12.19"]
[SourceQuality "1"]

1. d4 Nf6 2. c4 Nc6 3. Nc3 e5 4. d5 Ne7 5. Nf3 Ng6 6. e3 Bb4 7. Bd2 0-0 8. Be2 a5 9. 0-0 d6 10. Qc2 Bg4 11. a3 Bc5 12. Rfe1 h6 13. h3 Bd7 14. Na4 Ba7 15. b4 c6 16. Nc3 Rc8 17. Qb3 cxd5 18. cxd5 a4 19. Nxa4 Nxd5 20. Qxd5 Bxa4 21. Qxb7 Rc7 22. Qa6 Qd7 23. b5 e4 24. Qxa4 exf3 25. Bxf3 Ne5 26. Be2 Bc5 27. Qb3 Kh8 28. a4 f5 29. a5 Qe7 30. Bb4 f4 31. Bxc5 Rxc5 32. exf4 Rxf4 33. Qe3 Qf6 34. a6 Rc2 35. a7 Rxe2 36. a8Q+ Kh7 37. Qxe2 1-0

[Event "Lleida Province-ch"]
[Site "Balaguer"]
[Date "2013.11.03"]
[Round "5"]
[White "Arno Bendicho, Arnau"]
[Black "Arnillas Moles, Josep"]
[Result "0-1"]
[WhiteElo "1927"]
[BlackElo "1797"]
[PlyCount "74"]
[EventDate "2013.10.06"]
[EventType "swiss"]
[EventRounds "9"]
[EventCountry "ESP"]
[SourceTitle "CBM 157 Extra"]
[Source "ChessBase"]
[SourceDate "2013.12.19"]
[SourceVersion "1"]
[SourceVersionDate "2013.12.19"]
[SourceQuality "1"]

1. d4 Nf6 2. Nf3 g6 3. c4 Bg7 4. Nc3 d6 5. e4 0-0 6. Be2 e5 7. 0-0 Nc6 8. d5 Ne7 9. Ne1 Ne8 10. Be3 f5 11. f3 f4 12. Bf2 g5 13. b4 h5 14. Rc1 Nf6 15. c5 Ng6 16. cxd6 cxd6 17. Nb5 Rf7 18. Qc2 Ne8 19. Nxa7 Bd7 20. b5 g4 21. b6 g3 22. hxg3 fxg3 23. Bxg3 Qg5 24. Bf2 Bh6 25. Rb1 Rg7 26. Kh1 Nf4 27. Rg1 h4 28. Bf1 Nh5 29. Nd3 Ng3+ 30. Kh2 Qh5 31. Qd1 Nf6 32. a4 Kf7 33. a5 Rh8 34. a6 Bf4 35. Nxf4 exf4 36. e5 dxe5 37. d6 h3 0-1

[Event "Lleida Province-ch"]
[Site "Lleida"]
[Date "2012.10.28"]
[Round "4"]
[White "Monfa Sole, Ramon"]
[Black "Arnillas Moles, Josep"]
[Result "1-0"]
[WhiteElo "2009"]
[BlackElo "1775"]
[PlyCount "55"]
[EventDate "2012.10.07"]
[EventType "swiss"]
[EventRounds "9"]
[EventCountry "ESP"]
[SourceTitle "EXT 2015"]
[Source "ChessBase"]
[SourceDate "2014.11.20"]
[SourceVersion "1"]
[SourceVersionDate "2014.11.20"]
[SourceQuality "1"]

1. d3 e5 2. a3 a5 3. c4 Nc6 4. Nf3 Nf6 5. Nc3 d5 6. cxd5 Nxd5 7. g3 Bc5 8. e3 Bg4 9. Bg2 0-0 10. 0-0 Qd7 11. Qc2 Rad8 12. Nxd5 Qxd5 13. Ng5 Qxd3 14. Qxc5 h6 15. f3 Rd5 16. Qc3 Bf5 17. e4 Qxc3 18. bxc3 Rd3 19. exf5 hxg5 20. Bxg5 f6 21. Bc1 Rxc3 22. f4 Nd4 23. fxe5 fxe5 24. Bb2 Rc2 25. Bd5+ Kh8 26. Bxd4 exd4 27. Rf4 g5 28. Rxd4 1-0

[Event "Lleida Province-ch"]
[Site "Lleida"]
[Date "2012.10.07"]
[Round "1"]
[White "Arnillas Moles, Josep"]
[Black "Roig Olivart, Angel"]
[Result "0-1"]
[WhiteElo "1775"]
[BlackElo "1968"]
[PlyCount "64"]
[EventDate "2012.10.07"]
[EventType "swiss"]
[EventRounds "9"]
[EventCountry "ESP"]
[SourceTitle "EXT 2015"]
[Source "ChessBase"]
[SourceDate "2014.11.20"]
[SourceVersion "1"]
[SourceVersionDate "2014.11.20"]
[SourceQuality "1"]

1. e4 e5 2. Nc3 Nc6 3. Bc4 Nf6 4. d3 d6 5. f4 Bg4 6. Nf3 Nd4 7. Be3 c6 8. Bxd4 exd4 9. Ne2 Qa5+ 10. c3 dxc3 11. Nxc3 Qb6 12. Qe2 Be6 13. e5 Nd5 14. Bxd5 cxd5 15. f5 Bxf5 16. exd6+ Be6 17. d7+ Kxd7 18. Ne5+ Kd8 19. Rf1 Bd6 20. 0-0-0 f6 21. Nc4 dxc4 22. dxc4 Re8 23. Ne4 Bd7 24. Qd3 Rxe4 25. Qxe4 Kc7 26. Rd2 Re8 27. Qxh7 Qc5 28. Kb1 Re7 29. g3 Re1+ 30. Rxe1 Bf5+ 31. Qxf5 Qxf5+ 32. Ka1 Bb4 0-1

[Event "Lleida Province-ch"]
[Site "Almenar"]
[Date "2010.10.??"]
[Round "5"]
[White "Arnillas Moles, Josep"]
[Black "Coll Ortega, Cristina"]
[Result "1-0"]
[WhiteElo "1752"]
[BlackElo "1898"]
[PlyCount "91"]
[EventDate "2010.10.10"]
[EventType "swiss"]
[EventRounds "9"]
[EventCountry "ESP"]
[SourceTitle "EXT 2015"]
[Source "ChessBase"]
[SourceDate "2014.11.20"]
[SourceVersion "1"]
[SourceVersionDate "2014.11.20"]
[SourceQuality "1"]

1. c4 e5 2. Nc3 Nf6 3. d3 Bb4 4. Nf3 Nc6 5. Bd2 d6 6. g3 Be6 7. Bg2 h6 8. 0-0 Qd7 9. a3 Bxc3 10. bxc3 Bh3 11. Rb1 Rb8 12. Qa4 Bxg2 13. Kxg2 0-0 14. Be3 b6 15. d4 e4 16. Nd2 Rfe8 17. h3 d5 18. Rbc1 dxc4 19. Qxc4 Nd5 20. Qa4 b5 21. Qc2 f5 22. Nb3 Nxe3+ 23. fxe3 Qd5 24. h4 a5 25. Nc5 a4 26. c4 bxc4 27. Qxc4 Ne7 28. Nxa4 Rb3 29. Qxc7 Rxe3 30. Qc4 Qxc4 31. Rxc4 Rxe2+ 32. Rf2 Re3 33. Nc3 g6 34. a4 Rc8 35. Rxc8+ Nxc8 36. Rc2 Rd3 37. Nb5 Nb6 38. a5 Nd5 39. Rc8+ Kf7 40. a6 Rd2+ 41. Kf1 e3 42. a7 Rd1+ 43. Ke2 Rd2+ 44. Ke1 Nb4 45. Rc3 Ra2 46. Na3 1-0

[Event "Lleida Province-ch"]
[Site "Almenar"]
[Date "2010.10.??"]
[Round "8"]
[White "Solani Nunez, Joshua"]
[Black "Arnillas Moles, Josep"]
[Result "1-0"]
[WhiteElo "1880"]
[BlackElo "1752"]
[PlyCount "141"]
[EventDate "2010.10.10"]
[EventType "swiss"]
[EventRounds "9"]
[EventCountry "ESP"]
[SourceTitle "EXT 2015"]
[Source "ChessBase"]
[SourceDate "2014.11.20"]
[SourceVersion "1"]
[SourceVersionDate "2014.11.20"]
[SourceQuality "1"]

1. d4 Nf6 2. c4 g6 3. Nc3 Bg7 4. e4 d6 5. Bg5 c5 6. e5 dxe5 7. dxe5 Qxd1+ 8. Rxd1 Ng4 9. Nd5 Na6 10. Nxe7 Nxe5 11. Be2 Be6 12. Nd5 0-0 13. Nf3 Bxd5 14. Rxd5 Nxf3+ 15. Bxf3 Rfe8+ 16. Kd2 h6 17. Be3 b6 18. Kc1 Rad8 19. Rhd1 Rxd5 20. Rxd5 Nb4 21. Rd7 Nxa2+ 22. Kb1 Nb4 23. Rxa7 Bd4 24. Bd2 Bxf2 25. Bxb4 cxb4 26. Bd5 Rf8 27. Kc2 Kg7 28. Kd3 Bg1 29. h3 Kf6 30. Rc7 Bc5 31. b3 h5 32. Rb7 g5 33. Rc7 Kg6 34. Rc6+ f6 35. Be4+ Kh6 36. Bf5 g4 37. hxg4 Kg5 38. Rc8 Rf7 39. Rg8+ Kf4 40. g3+ Kxg3 41. gxh5+ Kf4 42. Bg6 Rd7+ 43. Kc2 Bd4 44. h6 f5 45. Rf8 Bc3 46. Rxf5+ Ke3 47. Rd5 Ra7 48. Rd3+ Kf4 49. Rxc3 Ra2+ 50. Kb1 Rh2 51. Rd3 Kg5 52. Bf7 Rxh6 53. Kc2 Rh2+ 54. Rd2 Rh3 55. Rf2 Rc3+ 56. Kb2 Re3 57. Bd5 Kg6 58. Bc6 Kg5 59. Ba4 Rd3 60. Kc2 Re3 61. Kd2 Rc3 62. Re2 Rf3 63. Re3 Rf2+ 64. Kd3 Kf6 65. Kd4 Rd2+ 66. Rd3 Rh2 67. Kd5 Ke7 68. Re3+ Kd8 69. Kd6 Kc8 70. Re8+ Kb7 71. Bc6+ 1-0